Statistiques concernant Os du corps humain aléatoires par images

Cliquez ici pour prendre le quiz!

Statistiques générales

  • Ce quiz a été pris 5 663 fois
  • Le résultat moyen est 7 sur 12

Statistiques - réponses

Réponse% Correct
Fémur
90%
Tibia
89%
Scapula
87%
Clavicule
85%
Côtes
84%
Ulna
78%
Humérus
77%
Radius
76%
Phalanges
73%
Fibula
71%
Sternum
70%
Coccyx
68%
Phalanges
62%
Mandibule
60%
Vertèbres cervicales
60%
Vertèbres lombaires
59%
Métacarpe
58%
Métatarse
56%
Os frontal
56%
Carpe
54%
Os temporaux
51%
Os occipital
48%
Sacrum
45%
Vertèbres thoraciques
45%
Atlas
44%
Os coxal
43%
Os pariétaux
42%
Os nasaux
39%
Tarse
37%
Axis
36%
Os maxillaires
35%
Os zygomatiques
35%
Manubrium
23%
Os éthmoïde
20%
Os sphénoïde
20%
Os lacrymaux
19%
Cartilage costal
16%

Distribution des résultats

Percentile par nombre de réponses

% des personnes avec chaque résultat

Votre développement - résultats

Vous n’avez pas pris ce quiz